[Event "Barcelona Sant Marti op-B 19th"]
[Site "Barcelona"]
[Date "2017.07.17"]
[Round "5"]
[White "Espinosa Cebrian, Carlos"]
[Black "Samrat, Ghorai"]
[Result "0-1"]
[WhiteElo "1921"]
[BlackElo "1938"]
[PlyCount "70"]
[EventDate "2017.07.13"]
[EventType "swiss"]
[EventRounds "9"]
[EventCountry "ESP"]
[SourceTitle "EXT 2018"]
[Source "ChessBase"]
[SourceDate "2017.10.13"]
[SourceVersion "1"]
[SourceVersionDate "2017.10.13"]
[SourceQuality "1"]

1. d4 d5 2. Bf4 Nf6 3. Nf3 e6 4. e3 c5 5. dxc5 Bxc5 6. c4 Nc6 7. Be2 Qb6 8. Qb3 Bb4+ 9. Nbd2 Na5 10. Qc2 dxc4 11. Bxc4 Nxc4 12. Qxc4 Nd5 13. 0-0 Bd7 14. Qb3 Qa6 15. a3 Bxd2 16. Nxd2 Ba4 17. Qa2 Nxf4 18. exf4 Qd6 19. Qc4 Bc6 20. Rfd1 0-0-0 21. Qb4 Qxb4 22. axb4 Rd4 23. b5 Bxb5 24. Nf3 Rxd1+ 25. Rxd1 Rd8 26. Rc1+ Kb8 27. Ng5 Rd2 28. Nxf7 Rxb2 29. Nd6 Bc6 30. f5 exf5 31. Nxf5 a5 32. Nd4 a4 33. Ra1 a3 34. h4 a2 35. Rf1 Bb5 0-1

[Event "Barcelona Sant Marti op-B 19th"]
[Site "Barcelona"]
[Date "2017.07.14"]
[Round "2"]
[White "Espinosa Cebrian, Carlos"]
[Black "Varela Cuadrado, Cesar M"]
[Result "1-0"]
[WhiteElo "1921"]
[BlackElo "1770"]
[PlyCount "81"]
[EventDate "2017.07.13"]
[EventType "swiss"]
[EventRounds "9"]
[EventCountry "ESP"]
[SourceTitle "EXT 2018"]
[Source "ChessBase"]
[SourceDate "2017.10.13"]
[SourceVersion "1"]
[SourceVersionDate "2017.10.13"]
[SourceQuality "1"]

1. e4 d5 2. exd5 Qxd5 3. Nc3 Qa5 4. d4 Nf6 5. Bd2 Nc6 6. Nf3 Bg4 7. Be2 0-0-0 8. Ne4 Qb6 9. Nxf6 gxf6 10. c3 e5 11. Qb3 Qxb3 12. axb3 e4 13. Nh4 Be6 14. b4 Kb8 15. g3 Ne7 16. Ng2 Nd5 17. Ne3 Nb6 18. Ra5 Bh3 19. g4 Bh6 20. Rg1 Bxe3 21. Bxe3 h5 22. Rxh5 Rxh5 23. gxh5 Nd5 24. h6 Ne7 25. Rg7 Be6 26. h7 b6 27. c4 Rh8 28. d5 Bf5 29. Bf4 Rxh7 30. Rxh7 Bxh7 31. d6 Nc6 32. dxc7+ Kc8 33. Bg4+ f5 34. Bh5 Bg6 35. Be2 Nxb4 36. c5 bxc5 37. Kd2 Kb7 38. h4 a5 39. h5 Bh7 40. Bc4 Nd3 41. Ba6+ 1-0

[Event "Barcelona Sant Marti op-A 4th"]
[Site "Barcelona"]
[Date "2015.02.26"]
[Round "7"]
[White "Pallares Gurrea, Aitor Alexander"]
[Black "Espinosa Cebrian, Carlos"]
[Result "0-1"]
[WhiteElo "1669"]
[BlackElo "1875"]
[PlyCount "72"]
[EventDate "2015.01.15"]
[EventType "swiss"]
[EventRounds "9"]
[EventCountry "ESP"]
[SourceTitle "EXT 2016"]
[Source "ChessBase"]
[SourceDate "2015.10.08"]
[SourceVersion "1"]
[SourceVersionDate "2015.10.08"]
[SourceQuality "1"]

1. d4 d5 2. e3 Nc6 3. f4 g5 4. c3 gxf4 5. exf4 Bf5 6. Nf3 f6 7. Bb5 Qd6 8. 0-0 0-0-0 9. b3 Bh6 10. Qe1 a6 11. Bxc6 Qxc6 12. Be3 e6 13. Na3 Qd6 14. Qc1 Ne7 15. c4 Ng6 16. c5 Qc6 17. Nc2 Bxc2 18. Qxc2 Bxf4 19. Bxf4 Nxf4 20. Nh4 e5 21. b4 Rdg8 22. g3 Qd7 23. Kh1 Ne6 24. Nf5 e4 25. Qc3 Ng5 26. Nh4 f5 27. a4 Rf8 28. b5 f4 29. c6 bxc6 30. bxc6 Qd6 31. Rab1 fxg3 32. Nf5 g2+ 33. Kxg2 Rxf5 34. Rxf5 Nf3 35. Rxf3 exf3+ 36. Qxf3 Qg6+ 0-1

[Event "Barcelona Llobregat op 5th"]
[Site "Barcelona"]
[Date "2014.05.24"]
[Round "7"]
[White "Salazar Navas, Josep"]
[Black "Espinosa Cebrian, Carlos"]
[Result "0-1"]
[WhiteElo "1964"]
[BlackElo "2034"]
[PlyCount "52"]
[EventDate "2014.04.05"]
[EventType "swiss"]
[EventRounds "8"]
[EventCountry "ESP"]
[SourceTitle "CBM 160 Extra"]
[Source "ChessBase"]
[SourceDate "2014.07.01"]
[SourceVersion "1"]
[SourceVersionDate "2014.07.01"]
[SourceQuality "1"]

1. e4 c5 2. Nc3 g6 3. g3 Bg7 4. Bg2 d6 5. d3 Nf6 6. h3 0-0 7. Nge2 Nc6 8. 0-0 Nd4 9. Nxd4 cxd4 10. Ne2 Qb6 11. c3 dxc3 12. bxc3 Bd7 13. Be3 Qa6 14. Qd2 Rac8 15. Rab1 Rc7 16. f4 e5 17. fxe5 dxe5 18. c4 b5 19. c5 Be6 20. Nc3 Rd7 21. Nxb5 Bc4 22. Nd6 Bxd3 23. Rb2 Bxe4 24. Rxf6 Bxg2 25. Rf2 Bxh3 26. Rh2 Qf1# 0-1

[Event "Barcelona Sant Marti op-B 15th"]
[Site "Barcelona"]
[Date "2013.07.19"]
[Round "7"]
[White "Espinosa Cebrian, Carlos"]
[Black "Aprea, Daniele"]
[Result "0-1"]
[WhiteElo "1861"]
[BlackElo "1945"]
[PlyCount "44"]
[EventDate "2013.07.13"]
[EventType "swiss"]
[EventRounds "9"]
[EventCountry "ESP"]
[SourceTitle "CBM 155 Extra"]
[Source "ChessBase"]
[SourceDate "2013.08.26"]
[SourceVersion "1"]
[SourceVersionDate "2013.08.26"]
[SourceQuality "1"]

1. d4 e6 2. g3 f5 3. Bg2 Nf6 4. Nd2 c5 5. dxc5 Bxc5 6. e4 Ng4 7. Nh3 Bxf2+ 8. Nxf2 Ne3 9. Qe2 Nxc2+ 10. Kd1 Nxa1 11. b4 Qc7 12. Nc4 0-0 13. Bb2 fxe4 14. Bxe4 d5 15. Bxh7+ Kxh7 16. Qh5+ Kg8 17. Ng4 Qf7 18. Qg5 Qf3+ 19. Kd2 Qg2+ 20. Kd3 dxc4+ 21. Kc3 Rf3+ 22. Ne3 Rxe3+ 0-1

[Event "Barcelona Sant Marti op-B 15th"]
[Site "Barcelona"]
[Date "2013.07.18"]
[Round "6"]
[White "Masferrer Niubo, Enric"]
[Black "Espinosa Cebrian, Carlos"]
[Result "1/2-1/2"]
[WhiteElo "1961"]
[BlackElo "1861"]
[PlyCount "94"]
[EventDate "2013.07.13"]
[EventType "swiss"]
[EventRounds "9"]
[EventCountry "ESP"]
[SourceTitle "CBM 155 Extra"]
[Source "ChessBase"]
[SourceDate "2013.08.26"]
[SourceVersion "1"]
[SourceVersionDate "2013.08.26"]
[SourceQuality "1"]

1. e4 Nc6 2. Nc3 Nf6 3. d4 d6 4. Nf3 d5 5. e5 Ne4 6. Bd3 Bf5 7. 0-0 Nxc3 8. bxc3 Bxd3 9. cxd3 e6 10. Qb3 Na5 11. Qa4+ c6 12. Bd2 b5 13. Qc2 Be7 14. c4 0-0 15. Rfc1 Ba3 16. Rcb1 dxc4 17. Bxa5 Qxa5 18. dxc4 Rfd8 19. Rb3 Bf8 20. Ng5 g6 21. Rh3 Rxd4 22. Nxh7 Bg7 23. Nf6+ Bxf6 24. exf6 bxc4 25. Rg3 Qf5 26. Qxf5 exf5 27. Rc3 Rad8 28. g3 R8d5 29. Rac1 Rc5 30. h4 f4 31. Kg2 fxg3 32. fxg3 Rd2+ 33. Kh3 Rxa2 34. Rxc4 Rxc4 35. Rxc4 Ra6 36. Rc5 Kh7 37. Kg4 Rb6 38. Kf4 Kh6 39. Kg4 Rb4+ 40. Kh3 Rb5 41. Rxc6 g5 42. Rc7 gxh4 43. Kxh4 Kg6 44. Rxa7 Rb4+ 45. g4 Kxf6 46. Ra6+ Kg7 47. Ra5 Kg6 1/2-1/2

[Event "Barcelona Sant Marti op-B 15th"]
[Site "Barcelona"]
[Date "2013.07.13"]
[Round "1"]
[White "Espinosa Cebrian, Carlos"]
[Black "Febrero Perez, Lluis"]
[Result "1-0"]
[WhiteElo "1861"]
[BlackElo "1604"]
[PlyCount "89"]
[EventDate "2013.07.13"]
[EventType "swiss"]
[EventRounds "9"]
[EventCountry "ESP"]
[SourceTitle "CBM 155 Extra"]
[Source "ChessBase"]
[SourceDate "2013.08.26"]
[SourceVersion "1"]
[SourceVersionDate "2013.08.26"]
[SourceQuality "1"]

1. d4 Nf6 2. Nf3 g6 3. g3 Bg7 4. Bg2 c6 5. 0-0 0-0 6. c4 d6 7. Re1 Na6 8. b3 Nc7 9. e4 Bg4 10. Nbd2 c5 11. h3 Bxf3 12. Nxf3 cxd4 13. Nxd4 Rb8 14. Qe2 Qd7 15. Be3 a6 16. Rad1 Ne6 17. e5 Ne8 18. f4 Nxd4 19. Bxd4 Qe6 20. Kh2 dxe5 21. Bd5 Qf5 22. fxe5 Nc7 23. Bf3 Qe6 24. Bg4 f5 25. exf6 Qxe2+ 26. Rxe2 exf6 27. Bb6 Na8 28. Bc5 Rfe8 29. Rde1 Rxe2+ 30. Rxe2 f5 31. Ba7 Rd8 32. Bf3 b5 33. c5 Nc7 34. Bb6 Rd7 35. Bc6 Rf7 36. Rd2 Bf8 37. Rd7 Ne6 38. Rd5 f4 39. Re5 Nd4 40. Bd5 fxg3+ 41. Kxg3 Nf5+ 42. Kf2 Bg7 43. Re8+ Bf8 44. Bxf7+ Kxf7 45. Ra8 1-0

[Event "Barcelona Primavera La Lira op 5th"]
[Site "Barcelona"]
[Date "2012.05.17"]
[Round "5"]
[White "Espinosa Cebrian, Carlos"]
[Black "Perolet Perez, Miquel"]
[Result "0-1"]
[WhiteElo "1821"]
[BlackElo "1662"]
[PlyCount "84"]
[EventDate "2012.04.19"]
[EventType "swiss"]
[EventRounds "9"]
[EventCountry "ESP"]
[SourceTitle "CBM 148 Extra"]
[Source "ChessBase"]
[SourceDate "2012.06.22"]
[SourceVersion "1"]
[SourceVersionDate "2012.06.22"]
[SourceQuality "1"]

1. e4 c5 2. Nf3 Nc6 3. d4 cxd4 4. Nxd4 Qb6 5. Nb3 e6 6. Be3 Qd8 7. Nc3 Nf6 8. a3 b6 9. f4 Bb7 10. e5 Ng8 11. Nb5 Nh6 12. Qe2 Nf5 13. 0-0-0 a6 14. Nd6+ Bxd6 15. exd6 Rc8 16. Bf2 0-0 17. Rg1 Na5 18. Nxa5 bxa5 19. g4 Nh6 20. Bd4 f6 21. Bg2 Bxg2 22. Rxg2 Rc6 23. Rd3 Nf7 24. g5 fxg5 25. Rc3 Rxd6 26. Bc5 Qf6 27. Bxd6 Nxd6 28. Rd3 Nc4 29. c3 Qxf4+ 30. Kb1 Rb8 31. b4 axb4 32. axb4 Na3+ 33. Ka2 Nb5 34. Qg4 Qc1 35. Qc4 Qa3+ 36. Kb1 Rf8 37. Kc2 Qa1 38. Qb3 Rf1 39. Rdd2 Qc1+ 40. Kd3 Rf3+ 41. Ke4 Rxc3 42. Qb2 Qe1+ 0-1